Elite ball knowledge quiz - Statistics

General Stats
  • This quiz has been taken 383 times
  • The average score is 7 of 15
Answer Stats
Question Answer % Correct
Which footballer has the greatest aura of all time? Antony
73%
Who won the 2006 world cup? Italy
71%
Who is Juventus top goal scorer? Alessandro Del Piero
60%
Who was the last defender to win the Ballon D'or? Cannavaro
60%
What year did Neymar join PSG? 2017
56%
Who won the champions league in 2007? AC Milan
54%
Who was third in the 2014 World Cup? Netherlands
47%
Who scored for Italy to equalise in the Euro 2020 final? Bonucci
35%
How many red cards did Roy Keane receive in his time at Manchester United? 11
34%
How old was Vardy when he joined Leicester? 25
33%
How many goals did Rooney score on his champions league debut for united? 3
32%
How many teams did Ibrahimovic play for? 9
32%
How many premier league goals did Salah score in his first season for Liverpool? 32
25%
What placement was Leeds United in the Premier League in 2020/21? 9
25%
What was Jose Mourinho's longest run without losing a home game? 9 years
20%
No matching quizzes found
Score Distribution
Percent of People with Each Score
Percentile by Number Answered
Your Score History
You have not taken this quiz